00755 2200253 4500001002100000005001500021020002200036035002400058040001200082082001400094084001800108090001800126100002100144245013700165250001000302260004100312300002600353650001900379700002800398700001900426850001200445990002200457990002200479YOGYA00000000009862720140823122553 a978-602-8276-71-9 0010-021400000000136 aYOPDYOG 2[22]a420 aDEP 420 Lin p aDEP 420 Lin p aLinda V. Budiman aPintar Bahasa Inggris untuk Anak Usia 5-8 tahun/bLinda V. Budiman/cpenyunting, Lisa Esti Puji Hartanti; ilustrator, Danang Aji A.M aCet 1 aYogyakarta:bIndonesia Cerdas,c2012 a40hal.:bilus.:c25cm aBahasa Inggris aLisa Esti Puji Hartanti aDanang Aji A.M aYOPDYOG aCB-D.11.2013-2165 aCB-D.11.2013-2179